000 00605nam a2200229Ia 4500
008 160803s9999 xx 000 0 und d
020 _a0 679833722
100 _aSachar, Louis
245 _aDogs don't tell jokes /
245 _cLouis Sachar.
260 _aNew York :
260 _bScholastic Inc.
260 _c1991
300 _a209 pages :
300 _c20 cm.
500 _aReprint. Originally published: New York : A.A. Knopf Books for Young Readers, c1991.
650 _aSchools --
650 _aSelf-perception --
650 _xFiction.
650 _xFiction.
700 _a560
999 _c299562
_d299562